Digital signal processing laboratory using MATLAB

Guardat en:
Dades bibliogràfiques
Autor principal: Sanjit K. Mitra
Format: Llibre
Idioma:Undetermined
Publicat: Boston, MA McGraw-Hill 1999
Matèries:
Etiquetes: Afegir etiqueta
Sense etiquetes, Sigues el primer a etiquetar aquest registre!
Thư viện lưu trữ: Trung tâm Học liệu Trường Đại học Cần Thơ
LEADER 00532nam a2200181Ia 4500
001 CTU_58109
008 210402s9999 xx 000 0 und d
082 |a 621.38220285 
082 |b M679 
100 |a Sanjit K. Mitra 
245 0 |a Digital signal processing laboratory using MATLAB 
245 0 |c Sanjit K. Mitra 
260 |a Boston, MA 
260 |b McGraw-Hill 
260 |c 1999 
650 |a matlab ( computer program language ),signal processing 
904 |i Minh 
980 |a Trung tâm Học liệu Trường Đại học Cần Thơ